Télédétection des milieux urbains et périurbains : (Record no. 13610)

000 -LEADER
fixed length control field 00711cam a2200205 a 4500
020 ## - INTERNATIONAL STANDARD BOOK NUMBER
ISBN 2920021745
040 ## - CATALOGING SOURCE
Transcribing agency DLC
082 ## - DEWEY DECIMAL CLASSIFICATION NUMBER
Classification number 307 AUP 1997 A010 Or.
110 2# - MAIN ENTRY--CORPORATE NAME
Corporate name or jurisdiction name as entry element UREF.
245 10 - TITLE STATEMENT
Title Télédétection des milieux urbains et périurbains :
Remainder of title sixièmes Journées scientifiques du "Réseau Télédétection" de l'AUPELF-UREF, Liège, 2-5 octobre 1995 /
260 ## - PUBLICATION, DISTRIBUTION, ETC. (IMPRINT)
Place of publication Montréal, Québec, Canada :
Name of publisher AUPELF-UREF,
Year of publication 1997.
300 ## - PHYSICAL DESCRIPTION
Number of Pages xxiv, 361 p. :
Other physical details ill. (some col.), maps ;
Dimensions 25 cm.
650 #0 - SUBJECT ADDED ENTRY--TOPICAL TERM
Topical Term City planning
650 #0 - SUBJECT ADDED ENTRY--TOPICAL TERM
Topical Term Land use, Urban
650 #0 - SUBJECT ADDED ENTRY--TOPICAL TERM
Topical Term Cities and towns
650 #0 - SUBJECT ADDED ENTRY--TOPICAL TERM
Topical Term Artificial satellites in remote sensing
650 #0 - SUBJECT ADDED ENTRY--TOPICAL TERM
Topical Term Remote sensing
700 1# - ADDED ENTRY--PERSONAL NAME
Personal name Dubois, Jean M. M.,
942 ## - ADDED ENTRY ELEMENTS (KOHA)
Koha item type សៀវភៅភាសាបារាំង
952 ## - LOCATION AND ITEM INFORMATION (KOHA)
Withdrawn status [LOCAL, KOHA] 0
Holdings
Permanent Location Date acquired Koha item type Lost status Shelving location Barcode Current Location Full call number
Library Block A2017-08-29សៀវភៅភាសាបារាំង A010A18936Library Block A307 AUP 1997 A010 Or.
មជ្ឈមណ្ឌលឯការនៃសាកលវិទ្យាល័យភូមិន្ទកសិកម្មចំការដូង

Powered by Koha